01656nam a2200241uu 4500001000800000005001700008007001000025008004100035035001200076040001300088041000800101080000800109100004200117245020700159260004300366300001700409520085500426650002901281650003901310700004501349502001201394526000801406114838620260507113924.0cr|||||||090608e20090608 spa  a1148386 ccomduadb aspa aPBI10aZuluaga Idárraga, Liliana4auteaut10aDiagnóstico de la tecnología biomédica en las áreas de cirugía, UCI y UCE de instituciones prestadoras de servicios de salud de tercer nivel en Medellín con base en indicadores poblacionales aMedellín :b[sin publicador],c2009. a89 páginas3 aEn aras de contribuir a la construcción de sistemas de información en salud orientados al seguimiento y control de la tecnología biomédica en Colombia, es conveniente iniciar con el análisis de la capacidad instalada de equipamiento biomédico en las áreas de Cirugía, UCI y UCE de instituciones prestadoras de servicios de salud de tercer nivel en Medellín, y relacionarla con indicadores básicos poblacionales que permitan tener una idea general del tipo de tecnología biomédica utilizada frecuentemente en la ciudad. Para complementar dicha visión general, se propone contrastar los resultados obtenidos en éste estudio con indicadores similares de otras ciudades latinoamericanas y comparar las características técnicas con la tecnología biomédica desarrollada a nivel mundial en los últimos cinco (5) años. aTecnología biomédica aSistemas de información en salud10aÁlvarez Vélez, Luis Carlos4thseths b168c17 a170